| 000 | 00859cam a2200253 a 4500 | ||
|---|---|---|---|
| 001 | 265 | ||
| 003 | BR-CuiBMT | ||
| 005 | 20231108031251.0 | ||
| 008 | 230914s2016 mgb 000 0 por d | ||
| 020 | _a9788545001553 | ||
| 040 |
_aBR-CuiBMT _cBR-CuiBMT |
||
| 080 |
_22007 _a341:339.5 |
||
| 090 |
_a341:339.5 _bN171c |
||
| 100 | 1 | _aNalim, Paulo Sérgio | |
| 245 | 1 | 0 |
_aCompra e venda internacional de mercadorias : _ba Convenção das Nações Unidas sobre compra e venda internacional de mercadorias (CISG) / _cPaulo Nalin, Renata C. Steiner ; prefácio: Lauro Gama Jr. |
| 260 |
_aBelo Horizonte : _bFórum, _c2016. |
||
| 300 |
_a331 p. ; _c22 cm |
||
| 504 | _aInclui bibliografia. | ||
| 650 | _aDireito contratual | ||
| 650 | _aDireito internacional privado | ||
| 650 | _aCompra e venda internacional | ||
| 700 | 1 | _aSteiner, Renata C. | |
| 942 |
_2udc _cLV |
||
| 999 |
_c265 _d265 |
||